<?xml version="1.0" encoding="UTF-8"?>
<collection xmlns="http://www.loc.gov/MARC21/slim">
  <record>
    <leader>00000nam  2200000   4500</leader>
    <controlfield tag="001">INLIS000000000020343</controlfield>
    <controlfield tag="005">20250613031519</controlfield>
    <datafield tag="035" ind1="#" ind2="#">
      <subfield code="a">0010-0625000085</subfield>
    </datafield>
    <controlfield tag="007">ta</controlfield>
    <controlfield tag="008">250613################|##########|#|##</controlfield>
    <datafield tag="084" ind1="#" ind2="#">
      <subfield code="a">R 0038 PKN I 2024</subfield>
    </datafield>
    <datafield tag="100" ind1=" " ind2="#">
      <subfield code="a">Sherman Moridu</subfield>
    </datafield>
    <datafield tag="245" ind1="1" ind2="#">
      <subfield code="a">Strategi Kolaboratif Menanggulangi Stunting dan Kemiskinan Ekstrim di Kabupaten Boalemo /</subfield>
      <subfield code="c">Sherman Moridu</subfield>
    </datafield>
    <datafield tag="260" ind1="#" ind2="#">
      <subfield code="a">Jakarta :</subfield>
      <subfield code="b">Pusbangkom Pimnas dan Manajerial ASN,</subfield>
      <subfield code="c">2024</subfield>
    </datafield>
    <datafield tag="300" ind1="#" ind2="#">
      <subfield code="a">65 hlm. ;</subfield>
      <subfield code="c">30 cm</subfield>
    </datafield>
    <datafield tag="650" ind1="#" ind2="4">
      <subfield code="a">Stunting</subfield>
    </datafield>
    <datafield tag="520" ind1="#" ind2="#">
      <subfield code="a">Sahabat Mandiri Boalemo adalah akronim dari Sekolah Orang Tua Hebat untuk Menanggulangi Stunting dan Kemiskinan Ekstrim Boalemo guna mewujudkan pelayanan publik yang prima dalam mengatasi stunting dan menurunkan angka kemiskinan ekstrim di Kabupaten. Dengan kata lain, proyek perubahan ini menghadirkan pemerintah dalam membangun sumber daya manusia yang mandiri yang mampu berkontribusi dalam pencapaian Indonesia Emas 2045.</subfield>
    </datafield>
    <datafield tag="990" ind1="#" ind2="#">
      <subfield code="a">2024/1.2.1/A/0038</subfield>
    </datafield>
  </record>
</collection>
